00334 a2200109 4500001001000000005001700010008004100027245004400068100002100112700002000133773007100153ART_4385420260410162026.0260409a 10aOn the persistence of racial inequality1 aLundberg, Shelly1 aStartz, Richard0 tJournal of labor economicsg- Vol. 16, NÂș 2 (abr. 1998)wREV43438